[Event "57.SMM ASD Arci BZ 1-J.Richter/Lask BZ"]
[Site "Bolzano"]
[Date "2026.02.07"]
[Round "7.5"]
[White "Kowalczyk, Martin"]
[Black "De Vita, Gianni"]
[Result "1-0"]
[WhiteElo "1968"]
[BlackElo "1857"]
[PlyCount "77"]
[EventDate "2026.02.07"]

{[%evp 0,77,21,25,48,54,48,45,73,16,11,13,17,22,23,23,7,-13,-12,-14,-4,-9,27,-13,4,-9,29,36,38,11,10,-88,-94,-94,-90,-91,-83,-88,-83,-82,-64,-98,-108,-95,-102,-102,-77,-28,-37,-68,-39,-33,-89,-99,-71,-71,-71,-80,-87,-90,-91,-87,-98,-101,-101,-102,-94,-94,-98,-96,-87,-89,-96,-101,-115,-121,0,0,432,449]} 1. e4 c5 2. Nf3 Nc6 3. Bb5 g6 4. c3 Bg7 5. O-O a6 6. Ba4 b5 7. Bc2 e5 8. d4 cxd4 9. cxd4 exd4 10. Bf4 d6 11. Nbd2 Bg4 12. h3 Bxf3 13. Nxf3 Nge7 14. Re1 O-O 15. e5 dxe5 16. Nxe5 Nxe5 17. Bxe5 Bxe5 18. Rxe5 Qd6 19. Re2 Rfd8 20. Rd2 Rac8 21. Qf3 Nc6 22. Rad1 Qc5 23. Bb3 Rd7 24. Qe4 Re7 25. Qd5 Qxd5 26. Bxd5 Rd7 27. Bxc6 Rxc6 28. Rxd4 Rxd4 29. Rxd4 Rc1+ 30. Kh2 Rc2 31. Rd8+ Kg7 32. Ra8 Rxf2 33. Rxa6 Rxb2 34. a4 b4 35. Rb6 h5 36. a5 h4 37. a6 g5 38. Rb5 Kg6 39. Ra5 1-0

[Event "57.SMM ASD Arci BZ 1-J.Richter/Lask BZ"]
[Site "Bolzano"]
[Date "2026.02.07"]
[Round "7.6"]
[White "Keim, Simon"]
[Black "Di Lazzaro, Gabriele"]
[Result "1-0"]
[WhiteElo "1868"]
[BlackElo "1866"]
[PlyCount "49"]
[EventDate "2026.02.07"]

{[%evp 0,49,16,25,77,-2,29,29,48,8,34,26,4,-12,21,37,43,16,45,-6,52,29,38,46,52,44,70,73,180,126,193,150,319,391,322,322,518,535,541,573,564,564,564,571,606,613,677,947,958,600,1193,1078]} 1. e4 d6 2. f4 e5 3. Nf3 Nf6 4. Bc4 Be7 5. d3 Nbd7 6. O-O O-O 7. Nc3 c6 8. a4 a5 9. Qe2 b6 10. Bd2 Bb7 11. fxe5 dxe5 12. Kh1 Qc7 13. Nh4 Rfe8 14. Nf5 Bf8 15. Rf3 Nc5 16. Nh6+ gxh6 17. Rxf6 Ne6 18. Qg4+ Kh8 19. Raf1 Re7 20. Bxe6 Rxe6 21. Rxf7 Qd6 22. Rxb7 Be7 23. Rf7 Rg6 24. Qd7 Rag8 25. Qxe7 1-0

[Event "57.SMM ASD Arci BZ 2-Klausen/Rk"]
[Site "?"]
[Date "2026.02.07"]
[Round "7.1"]
[White "Schacher, Gerd"]
[Black "Bodrov, Timofey"]
[Result "1/2-1/2"]
[WhiteElo "2255"]
[BlackElo "2110"]
[PlyCount "82"]
[EventDate "2026.??.??"]

1. c4 Nf6 2. Nc3 g6 3. e4 d6 4. d4 Bg7 5. f3 e5 6. Nge2 Nfd7 7. h4 h5 8. Be3 Bh6 9. Bxh6 Rxh6 10. Qd2 Rh8 11. O-O-O c6 12. c5 dxc5 13. dxe5 Qe7 14. f4 Nb6 15. Ng3 Bg4 16. Be2 Bxe2 17. Qxe2 N8d7 18. Nf1 O-O-O 19. Ne3 Rhe8 20. g3 Nf8 21. Nc4 Nxc4 22. Qxc4 b5 23. Qe2 Rd4 24. Qe3 Red8 25. Ne2 Rxd1+ 26. Rxd1 Rxd1+ 27. Kxd1 Qd7+ 28. Kc1 Qe7 29. Kc2 Nd7 30. a3 Nb6 31. Nc3 Nc4 32. Qe2 Kb7 33. a4 a6 34. b3 Nb6 35. a5 Nd7 36. Qd1 Kc7 37. Qe2 Qe6 38. Qd3 Qe7 39. Ne2 Nf8 40. Qf3 Nd7 41. Qd3 Nf8 1/2-1/2

[Event "57.SMM ASD Arci BZ 2-Klausen/Rk"]
[Site "?"]
[Date "2026.02.07"]
[Round "7.2"]
[White "Perli, Tommaso"]
[Black "Seebacher, Michael"]
[Result "0-1"]
[WhiteElo "1958"]
[BlackElo "2110"]
[PlyCount "64"]
[EventDate "2026.??.??"]

{[%evp 0,64,18,36,42,2,44,25,18,-2,22,3,2,3,-7,13,16,-6,16,-3,15,18,4,-22,3,-10,-1,-17,-16,-36,-13,-49,-15,-19,-32,-113,-97,-136,-127,-144,-137,-136,-143,-143,-139,-142,-142,-154,-160,-169,-160,-219,-264,-477,-145,-171,-166,-170,-176,-195,-209,-217,-241,-234,-229,-29995,-29996]} 1. Nf3 d5 2. g3 c6 3. Bg2 Bf5 4. c4 e6 5. cxd5 exd5 6. O-O Nf6 7. d3 Nbd7 8. Re1 Bb4 9. Nc3 O-O 10. a3 Ba5 11. b4 Bb6 12. h3 Re8 13. Nh4 Be6 14. Rb1 a6 15. a4 d4 16. Ne4 Nxe4 17. Bxe4 Bxh3 18. Bh1 Nf6 19. Bg5 h6 20. Bxf6 Qxf6 21. Nf3 Re7 22. Nd2 Rae8 23. Nc4 Bc7 24. Bf3 Qg5 25. Qc1 Qg6 26. Qb2 Bg4 27. Nd2 Bf4 28. Bxg4 Bxd2 29. Qxd2 Qxg4 30. Rb2 Re3 31. Kg2 R8e6 32. fxe3 Rg6 0-1

[Event "57.SMM ASD Arci BZ 2-Klausen/Rk"]
[Site "?"]
[Date "2026.02.07"]
[Round "7.3"]
[White "Unterfrauner, Albert"]
[Black "Terletskyi, Oleh Mykola"]
[Result "0-1"]
[WhiteElo "2168"]
[BlackElo "1913"]
[PlyCount "67"]
[EventDate "2026.??.??"]

{[%evp 0,67,36,21,15,0,37,-21,3,-17,-9,-24,-12,-7,0,-2,-2,6,4,-1,13,10,27,-30,-3,1,-14,-32,-6,6,31,27,24,12,5,-71,0,-21,-12,-55,-27,-62,59,13,8,-17,109,102,137,137,137,122,146,141,133,48,61,53,80,45,53,-16,43,-80,-66,-93,-62,-51,-37,-64]} 1. Nf3 Nf6 2. c4 g6 3. b3 Bg7 4. Bb2 O-O 5. g3 d6 6. d4 Nc6 7. Bg2 Bf5 8. Nh4 Bd7 9. O-O Qc8 10. Re1 Bh3 11. Bh1 Ng4 12. e3 e5 13. Nf3 h6 14. Nc3 Qf5 15. Qd2 Qh5 16. d5 Ne7 17. Nh4 Bf6 18. f3 Bxh4 19. gxh4 Nf6 20. Qf2 Ne8 21. Qg3 Bd7 22. f4 Ng7 23. Bf3 Qf5 24. fxe5 Qxe5 25. Qxe5 dxe5 26. Ne4 f6 27. Kf2 Nef5 28. h5 g5 29. Bg4 Bc8 30. h3 Nd6 31. Bxc8 Nxe4+ 32. Kf3 Nd6 33. Bd7 Rf7 34. Be6 0-1

[Event "57.SMM ASD Arci BZ 2-Klausen/Rk"]
[Site "?"]
[Date "2026.02.07"]
[Round "7.4"]
[White "Addante, Francesco"]
[Black "Seebacher, Reinhard"]
[Result "1-0"]
[WhiteElo "1874"]
[BlackElo "1927"]
[PlyCount "83"]
[EventDate "2026.??.??"]

1. Nf3 d5 2. g3 c6 3. Bg2 Bf5 4. O-O e6 5. c4 Nf6 6. Qb3 Qb6 7. d3 h6 8. Be3 Qa6 9. Nc3 Nbd7 10. cxd5 exd5 11. Rad1 Bd6 12. Bc1 O-O 13. Qc2 Rfe8 14. Rfe1 Bf8 15. e4 dxe4 16. dxe4 Bh7 17. Nd4 Qa5 18. Bf4 Ne5 19. Nb3 Qb4 20. a3 Qe7 21. Nd4 Nh5 22. Nf5 Qe6 23. Bc1 Rad8 24. Qe2 Nf6 25. Bf4 Rxd1 26. Nxd1 Rd8 27. Bh3 Qe8 28. Bxe5 Qxe5 29. Nc3 Bxa3 30. bxa3 Qxc3 31. Rd1 Re8 32. Nd6 Rd8 33. e5 Ne8 34. e6 f5 35. e7 Rb8 36. Qe6+ Kh8 37. Nf7+ Kg8 38. Nxh6+ Kh8 39. Nf7+ Kg8 40. Nd6+ Kh8 41. Nxe8 Rxe8 42. Qf7 1-0

[Event "57.SMM ASD Arci BZ 2-Klausen/Rk"]
[Site "?"]
[Date "2026.02.07"]
[Round "7.5"]
[White "Schrott, Karl"]
[Black "Puechler, Ruben"]
[Result "1/2-1/2"]
[WhiteElo "1945"]
[BlackElo "1842"]
[PlyCount "97"]
[EventDate "2026.??.??"]

{[%evp 0,97,28,15,28,28,27,-10,42,47,39,13,33,22,21,12,10,-1,-14,-23,-24,-36,33,34,32,29,34,22,28,31,19,9,118,128,107,81,136,145,150,89,91,127,139,123,175,113,173,169,240,217,232,228,319,241,243,225,224,154,202,226,196,200,212,178,158,162,156,163,157,159,157,161,159,138,166,131,140,24,8,0,0,0,0,0,0,0,0,0,0,0,0,0,0,0,0,0,0,0,0,0]} 1. d4 Nf6 2. Nf3 d5 3. c4 c5 4. cxd5 cxd4 5. Qxd4 Qxd5 6. Nc3 Qxd4 7. Nxd4 a6 8. g3 e5 9. Nf3 Nc6 10. Bg2 Nd4 11. Nxd4 exd4 12. Na4 Bb4+ 13. Bd2 Bxd2+ 14. Kxd2 Rb8 15. Nb6 Nd7 16. Nxc8 Rxc8 17. Rhc1 O-O 18. Bxb7 Rb8 19. Bxa6 Rxb2+ 20. Rc2 Rfb8 21. Bd3 Ne5 22. h3 g6 23. a4 Kf8 24. a5 Ke7 25. a6 Nc6 26. Rxb2 Rxb2+ 27. Kc1 Rb8 28. Rb1 Rc8 29. Rb7+ Kd6 30. Kd2 Nd8 31. Rb5 Ra8 32. Ra5 f5 33. g4 Nc6 34. Ra1 fxg4 35. hxg4 Ra7 36. Be4 Ne5 37. f3 Nd7 38. Ra5 Nc5 39. Rxc5 Kxc5 40. Bb7 h5 41. gxh5 gxh5 42. Ke1 Kd6 43. f4 Ke6 44. Kf2 Kf6 45. Kf3 Kf5 46. Be4+ Ke6 47. Bb7 Kf5 48. Be4+ Ke6 49. Bb7 1/2-1/2

[Event "57.SMM ASD Arci BZ 2-Klausen/Rk"]
[Site "?"]
[Date "2026.02.07"]
[Round "7.6"]
[White "Mantuano, Nathan"]
[Black "Schrott, Johann"]
[Result "1-0"]
[WhiteElo "1650"]
[BlackElo "1888"]
[PlyCount "83"]
[EventDate "2026.??.??"]

{[%evp 0,83,24,15,66,26,30,-2,-12,-3,20,13,65,54,29,15,71,56,56,35,55,53,44,25,38,44,83,-1,27,-17,-5,-15,-17,-54,52,38,79,28,32,19,80,62,154,117,136,116,210,108,107,66,138,138,205,201,205,203,197,207,228,267,340,340,346,322,305,295,382,336,342,276,340,339,320,342,349,342,349,348,339,324,334,341,368,313,310,307]} 1. Nf3 c5 2. b3 Nc6 3. Bb2 d5 4. e3 Bg4 5. h3 Bh5 6. g4 Bg6 7. Bb5 a6 8. Bxc6+ bxc6 9. Ne5 Qd6 10. f4 f6 11. Nf3 h5 12. g5 Be4 13. Rg1 Qe6 14. Rh1 d4 15. Qe2 Qd5 16. Rf1 e5 17. d3 Bxf3 18. Qxf3 Qxf3 19. Rxf3 Bd6 20. Nd2 Kd7 21. fxe5 Bxe5 22. Ne4 fxg5 23. Nxg5 Nf6 24. O-O-O Rhe8 25. Nf7 Re7 26. Nxe5+ Rxe5 27. exd4 cxd4 28. Bxd4 Re6 29. Rg1 Kd6 30. Rxg7 Nd5 31. Rh7 c5 32. Bf2 Rae8 33. Bg3+ Kc6 34. Kb2 Ne3 35. Rxh5 Nd1+ 36. Kc1 Nc3 37. Kb2 Nd1+ 38. Kc1 Nc3 39. a4 Ne2+ 40. Kb2 Nd4 41. Rf1 Rg8 42. Be5 1-0

[Event "57.SMM B Sterzing/Ridnaun-Gröden 2"]
[Site "?"]
[Date "2026.02.07"]
[Round "7.4"]
[White "Sparber, Werner"]
[Black "Scola, Matteo"]
[Result "0-1"]
[WhiteElo "1844"]
[BlackElo "1773"]
[PlyCount "108"]
[EventDate "2026.??.??"]
[SourceVersionDate "2026.02.08"]

{[%evp 0,96,21,21,18,-16,37,37,59,59,79,79,89,89,103,105,105,105,106,101,87,28,28,26,26,27,80,14,59,45,42,13,23,13,46,-12,-12,-41,-18,-37,-41,-37,-36,-43,-35,-55,-45,-99,-115,-117,-102,-107,-118,-149,-127,-126,-132,-213,-224,-375,-316,-314,-314,-382,-314,-324,-283,-393,-402,-429,-380,-483,-406,-531,-428,-409,-428,-400,-296,-296,-227,-368,-355,-443,-406,-452,-438,-468,-452,-453,-498,-514,-512,-506,-561,-547,-512,-511,-507]} 1. d4 Nf6 2. c4 c5 3. d5 e6 4. Nc3 exd5 5. cxd5 d6 6. e4 g6 7. Nf3 Bg7 8. Bd3 O-O 9. h3 b5 10. O-O b4 11. Ne2 Re8 12. Ng3 Nfd7 13. Rb1 a5 14. Bg5 Qc7 15. Bc4 Nb6 16. Bb5 Bd7 17. Bxd7 N8xd7 18. Qd2 Nc4 19. Qc1 Nde5 20. Nxe5 Nxe5 21. Rd1 Rac8 22. f4 Nd7 23. Qc2 c4 24. Rbc1 Qc5+ 25. Kh2 Qe3 26. Rf1 c3 27. b3 Nc5 28. Rf3 Qd2 29. e5 Qxc2 30. Rxc2 dxe5 31. Ne2 exf4 32. d6 h6 33. Bh4 g5 34. Bf2 Nd7 35. Nd4 Re5 36. g3 fxg3+ 37. Kxg3 Rd5 38. Nf5 Be5+ 39. Kg2 Bxd6 40. Bg3 Bf8 41. Be1 Re8 42. Bf2 Ne5 43. Re3 Rd2 44. Re2 Rxc2 45. Rxc2 Nd3 46. Kf1 Re5 47. Ng3 Nxf2 48. Kxf2 f5 49. h4 Kf7 50. Kf3 Kg6 51. h5+ Kf6 52. Ne2 Bc5 53. Nc1 g4+ 54. Kg2 Re3 0-1

[Event "57.SMM B Sterzing/Ridnaun-Gröden 2"]
[Site "?"]
[Date "2026.02.07"]
[Round "7.5"]
[White "Demetz, Josef"]
[Black "Demozzi, Daniel"]
[Result "0-1"]
[WhiteElo "1616"]
[BlackElo "1765"]
[PlyCount "66"]
[EventDate "2026.??.??"]
[SourceVersionDate "2026.02.08"]

{[%evp 0,66,21,18,66,48,60,74,86,35,35,35,14,21,22,10,36,-55,-62,-50,-23,-36,-50,-50,-45,-33,-22,-20,9,-161,-151,-140,-94,-117,-59,-91,-80,-90,-62,-119,-115,-117,-113,-178,-182,-198,-192,-200,-187,-209,-209,-250,-254,-225,-225,-246,-264,-29981,-397,-467,-373,-374,-374,-376,-374,-446,-454,-557,-596]} 1. e4 c6 2. d4 d5 3. e5 c5 4. Be3 cxd4 5. Bxd4 Nc6 6. c3 a6 7. Nf3 Bg4 8. h3 Bxf3 9. Qxf3 e6 10. Be2 Nxd4 11. cxd4 Qb6 12. Qb3 Bb4+ 13. Nc3 Qxd4 14. Qa4+ Kf8 15. Qb3 Bxc3+ 16. Qxc3 Qxc3+ 17. bxc3 Ne7 18. g3 g5 19. Bd3 Ng6 20. Bxg6 hxg6 21. a4 g4 22. h4 Rh5 23. Kd2 Rxe5 24. Rhb1 Rf5 25. Ke3 Rc8 26. Ra3 Rc7 27. Rab3 Rf3+ 28. Kd4 Rxf2 29. Ke5 b5 30. axb5 axb5 31. Rxb5 Rxc3 32. Rb8+ Kg7 33. Rd8 Rxg3 0-1

[Event "57.SMM B ASD Arci BZ 3-J.Richter/Lask 2"]
[Site "?"]
[Date "2026.02.07"]
[Round "7.1"]
[White "Fongarolli, Diego"]
[Black "Niederstätter, Harald"]
[Result "0-1"]
[WhiteElo "1935"]
[BlackElo "1876"]
[PlyCount "52"]
[EventDate "2026.??.??"]
[SourceVersionDate "2026.02.09"]

{[%evp 0,52,19,31,72,53,66,39,27,30,36,12,19,19,-14,-3,36,-8,11,20,20,-5,17,53,52,53,49,-12,12,-27,-6,-7,2,2,9,11,15,11,11,20,4,-35,-16,-17,-4,-7,2,2,38,32,35,-310,-345,-339,-341]} 1. e4 c5 2. Nf3 Nc6 3. d4 cxd4 4. Nxd4 e5 5. Nb5 d6 6. N1c3 a6 7. Na3 Be6 8. Nc4 b5 9. Ne3 Nf6 10. f3 g6 11. a4 b4 12. Ncd5 Bg7 13. Be2 O-O 14. O-O Nd4 15. Nxb4 Qb6 16. Nd3 d5 17. exd5 Nxd5 18. Nxd5 Bxd5 19. Be3 Qc7 20. Rc1 Nf5 21. Qd2 e4 22. fxe4 Bxe4 23. Bf3 Nxe3 24. Qxe3 Bxd3 25. Bxa8 Bxf1 26. Rxf1 Rxa8 0-1

[Event "57.SMM B ASD Arci BZ 3-J.Richter/Lask 2"]
[Site "?"]
[Date "2026.02.07"]
[Round "7.2"]
[White "Rinaldo, Gaetano"]
[Black "Buglisi, Massimo"]
[Result "1/2-1/2"]
[WhiteElo "1749"]
[BlackElo "1954"]
[PlyCount "47"]
[EventDate "2026.??.??"]
[SourceVersionDate "2026.02.09"]

{[%evp 0,47,30,-24,0,-29,37,18,25,12,12,2,-4,10,2,11,32,23,51,5,24,15,15,13,9,-39,-30,-50,23,9,120,126,126,53,35,50,121,10,0,0,0,7,20,20,22,37,50,50,67,55]} 1. c4 Nf6 2. Nc3 g6 3. g3 Bg7 4. Bg2 O-O 5. e3 d6 6. Nge2 e5 7. O-O c6 8. d4 Qe7 9. Qc2 Re8 10. e4 exd4 11. Nxd4 Na6 12. Nde2 Nc5 13. f3 a5 14. Be3 d5 15. cxd5 cxd5 16. Nxd5 Nxd5 17. Bxc5 Qc7 18. exd5 b6 19. Rac1 bxc5 20. Nc3 Bd4+ 21. Kh1 Bf5 22. Ne4 Rab8 23. b3 h5 24. Qd2 1/2-1/2

[Event "57.SMM B CSK Merania 2-Brixen/Milland 2"]
[Site "?"]
[Date "2026.02.07"]
[Round "7.4"]
[White "Gleridis, Alexandros"]
[Black "Pfeifhofer, Helmuth"]
[Result "1-0"]
[WhiteElo "1733"]
[BlackElo "1804"]
[PlyCount "65"]
[EventDate "2026.??.??"]
[SourceVersionDate "2024.11.03"]

{[%evp 0,65,20,12,34,44,38,2,-11,0,-13,7,49,54,38,38,47,38,30,-13,29,26,22,12,62,57,75,83,89,77,62,38,38,50,7,30,25,6,14,8,22,8,19,23,73,-8,-5,-36,18,0,447,503,613,699,707,713,790,790,790,790,1189,1283,1210,1692,1692,1817,1924,1924]} 1. e4 e6 2. d4 d5 3. Bd3 dxe4 4. Bxe4 Nf6 5. Bf3 c6 6. Ne2 Bd6 7. O-O O-O 8. c4 Nbd7 9. Nbc3 Re8 10. Bg5 h6 11. Bh4 Be7 12. Qc2 g5 13. Bg3 Nf8 14. Rad1 Ng6 15. Be4 Nxe4 16. Nxe4 f5 17. N4c3 Bf6 18. Be5 Bxe5 19. dxe5 Qa5 20. f4 Qc5+ 21. Kh1 Qxc4 22. fxg5 hxg5 23. Qd2 Qg4 24. Rf3 f4 25. Ne4 Rf8 26. Nf6+ Rxf6 27. exf6 e5 28. Qd8+ Kf7 29. Rd6 Nh4 30. Qc7+ Kg6 31. Qg7+ Kf5 32. Ng3+ Qxg3 33. hxg3 1-0

[Event "57.SMM B Team Sparkasse-Kaltern/Tramin2"]
[Site "?"]
[Date "2026.02.07"]
[Round "7.2"]
[White "Valente, Luca"]
[Black "Unterkofler, Alex"]
[Result "1-0"]
[WhiteElo "1883"]
[BlackElo "1869"]
[PlyCount "51"]
[EventDate "2026.??.??"]
[SourceVersionDate "2026.02.13"]

{[%evp 0,51,25,25,63,74,57,56,73,32,65,47,48,52,37,42,47,32,20,-1,17,24,24,-23,2,-16,2,-76,-71,-41,-51,-43,-41,-41,-45,-43,-47,-65,-56,-70,-55,-79,-18,-83,-68,-65,-61,-41,53,-1,455,488,489,494]} 1. e4 c6 2. d4 d5 3. e5 Bf5 4. h4 h5 5. Bd3 Bxd3 6. Qxd3 e6 7. Bg5 Qb6 8. Nd2 c5 9. c4 Nc6 10. Ngf3 cxd4 11. O-O Nge7 12. Bxe7 Bxe7 13. a3 Rd8 14. b4 a6 15. Rfe1 dxc4 16. Nxc4 Qb5 17. Rac1 O-O 18. Re4 Rd5 19. g4 f5 20. exf6 Rxf6 21. Ng5 Rxg5 22. hxg5 Qxg5 23. Rce1 Kf7 24. Qg3 e5 25. Nxe5+ Nxe5 26. Rxe5 1-0

[Event "57.SMM B Team Sparkasse-Kaltern/Tramin2"]
[Site "?"]
[Date "2026.02.07"]
[Round "7.5"]
[White "Leimgruber, Erich"]
[Black "Spornberger, Peter"]
[Result "1-0"]
[WhiteElo "1753"]
[BlackElo "1673"]
[PlyCount "67"]
[EventDate "2026.??.??"]
[SourceVersionDate "2026.02.09"]

{[%evp 0,67,25,16,16,19,25,-27,-30,-13,-7,-39,-17,-24,-4,-17,-4,3,6,-18,0,4,7,8,10,2,49,65,33,53,53,63,69,60,152,143,155,136,135,106,150,162,177,170,202,139,181,78,89,78,68,68,146,57,144,86,123,139,139,125,100,129,137,141,271,204,264,288,348,345]} 1. e4 e5 2. Nf3 Nc6 3. d3 Nf6 4. Nc3 h6 5. h3 Bc5 6. Be2 O-O 7. O-O d6 8. Na4 Bb6 9. c3 Be6 10. Qc2 Re8 11. b4 Ne7 12. c4 Nd7 13. c5 dxc5 14. bxc5 Ba5 15. d4 exd4 16. Nxd4 c6 17. Nxe6 fxe6 18. Rd1 Qc8 19. Bc4 Ne5 20. Bb3 Bc7 21. f4 Nf7 22. Qc4 Ng6 23. f5 Nge5 24. Qf1 exf5 25. exf5 Bd8 26. Be6 Qc7 27. Nc3 Bf6 28. Rb1 Rad8 29. Bf4 Qe7 30. Ne4 Kf8 31. Nxf6 Qxf6 32. Rxb7 Re7 33. Rxd8+ Nxd8 34. Rb8 1-0

[Event "57.SMM B Naturns-Taufers"]
[Site "?"]
[Date "2026.02.07"]
[Round "7.4"]
[White "Nägele, Raimund"]
[Black "Kugler, Walter"]
[Result "0-1"]
[WhiteElo "1716"]
[BlackElo "1766"]
[PlyCount "76"]
[EventDate "2026.??.??"]

{[%evp 0,76,19,9,26,17,22,-34,-1,-21,-3,-2,20,31,51,15,35,39,37,45,73,9,28,47,40,40,55,63,77,75,66,75,115,90,105,110,104,99,112,52,62,-43,60,-27,42,28,26,5,28,34,37,-20,0,0,0,0,0,0,-15,-50,-50,-43,-42,-42,-35,-37,0,-48,-55,-64,-91,-190,-71,-121,-56,-86,14,-62,646]} 1. d4 d5 2. Nf3 Bf5 3. g3 e6 4. Bg2 c5 5. c4 Nf6 6. cxd5 exd5 7. O-O c4 8. Nc3 Be7 9. Ne5 Nc6 10. Re1 O-O 11. Nxd5 Nxd5 12. e4 Nxe5 13. dxe5 Nb4 14. exf5 Nd3 15. Re2 Rb8 16. Be3 b6 17. Qc2 Qc7 18. Rd1 Rfd8 19. Red2 Rbc8 20. a3 Qxe5 21. b3 cxb3 22. Qxb3 Nc5 23. Qb1 h6 24. Bd4 Qc7 25. f6 Bxf6 26. Bxf6 Rxd2 27. Rxd2 gxf6 28. Qf5 Ne6 29. Rd1 Qe5 30. Qg4+ Qg5 31. Qa4 Rc7 32. h4 Qe5 33. Qe8+ Kg7 34. Qa4 f5 35. g4 f4 36. Bf3 Qc3 37. Kg2 Rc4 38. Qe8 Qxa3 0-1

[Event "57.SMM B Naturns-Taufers"]
[Site "?"]
[Date "2026.02.07"]
[Round "7.5"]
[White "Innerbichler, Robert"]
[Black "Gurschler, Thomas"]
[Result "0-1"]
[WhiteElo "1674"]
[BlackElo "1904"]
[PlyCount "100"]
[EventDate "2026.??.??"]

{[%evp 0,100,25,36,99,81,86,60,66,24,25,-6,15,33,29,28,27,50,54,50,102,65,88,50,42,-11,4,4,14,-3,6,17,15,-7,-1,-13,17,-18,-32,-44,-16,-38,17,-22,3,-27,-28,-44,-44,-7,0,-62,-56,-56,-26,-67,-31,-63,-68,-90,-90,-153,-160,-214,-55,-56,-89,-84,-84,-90,-90,-90,-90,-90,-73,-70,-67,-73,-70,-78,-68,-79,-79,-112,-66,-116,-117,-75,-85,-70,-71,-141,-75,-117,-169,-208,-132,-285,-317,-502,-504,-539,-559]} 1. e4 g6 2. Nf3 Bg7 3. Be2 c6 4. c3 d5 5. e5 Bg4 6. d4 f6 7. Nbd2 Nh6 8. h3 Bxf3 9. Nxf3 O-O 10. O-O Nf7 11. Bf4 fxe5 12. Bxe5 Nxe5 13. Nxe5 Bxe5 14. dxe5 e6 15. Bg4 Qe7 16. Qd4 Nd7 17. Rae1 Rf7 18. b4 a5 19. a3 b5 20. Qd2 a4 21. Qc1 Kg7 22. Qe3 h5 23. Bd1 Qh4 24. Kh2 Qf4+ 25. g3 Qxe3 26. Rxe3 Raf8 27. Kg2 Kh6 28. f3 g5 29. Bc2 h4 30. Rd1 Nb6 31. Bd3 Kh5 32. Be2 Kh6 33. g4 Rf4 34. Kf2 Kg7 35. Rd4 Nd7 36. Bd1 R8f7 37. Rxf4 Rxf4 38. Be2 Nb6 39. Bd3 Kf7 40. Be2 Ke7 41. Bd3 Kd7 42. Be2 Nc4 43. Bxc4 Rxc4 44. Rd3 c5 45. Ke2 Kc6 46. Kd2 d4 47. f4 cxb4 48. cxb4 gxf4 49. g5 Kd5 50. Ke2 Kxe5 0-1